00553 a2200145 4500001000700000003000400007005001700011008004100028082001800069100001700087245007700104260002900181300001000210653018700220068358OSt20220216145346.0  a515.723bD99I1 aDyke, P.P.G.1 aAn introduction to laplace transforms and fourier seriescby P.P.G. Dyke aNew YorkbSpringerc2010 a250p. aFourier series; Laplace transformation; Mathematics; Fourier analysis; Global analysis (Mathematics); Fourier transformations; Engineering mathematics; Functions of complex variables